| 000 | 00405nam a2200181Ia 4500 | ||
|---|---|---|---|
| 001 | 7351 | ||
| 005 | 20260306160449.0 | ||
| 008 | 260306t2015||||xx |||||||||||||| ||spa|| | ||
| 041 | _aESP | ||
| 082 |
_a338.5443 _bH21 2012 |
||
| 100 |
_aHanke, John E. _eAUT |
||
| 245 | 0 | _aPronĂ³sticos en los negocios | |
| 260 | _c2015 | ||
| 300 |
_a _c |
||
| 650 | _aGEN | ||
| 654 | _aCAN | ||
| 942 |
_cLIB _dJUS _fJUS _2ddc _n |
||
| 999 |
_c7351 _d7351 |
||